Histoire et abrege des ouvrages latins, italiens et françois, pour et contre la comedie et l'opera

Detalles Bibliográficos
Formato: Libro
Lenguaje:Undetermined
French
Publicado: a Paris : chez C. Robustel, et chez J. Legras, 1697.
Materias:
Colección:Banco de datos
Acervo:Biblioteca Palafoxiana. Colección bibliográfica
Descripción Física:[6], 114, [6] p. ; 8°
Tema general:Artes
Notas:Número de localización: 12053
LEADER 00546nam a2200157Ia 4500
008 150723s9999 xx 000 0 und d
041 0 |a fre 
050 0 |a PAFX NX290 H5 
245 1 0 |a Histoire et abrege des ouvrages latins, italiens et françois, pour et contre la comedie et l'opera 
260 |a a Paris : chez C. Robustel, et chez J. Legras, 1697. 
300 |a [6], 114, [6] p. ; 8° 
500 |a Número de localización: 12053 
650 1 0 |a Artes 
942 |c PALALIB 
943 |g Biblioteca Palafoxiana. Colección bibliográfica 
999 |c 1045355  |d 1045355